| 000 | 00689nam a22001697a 4500 | ||
|---|---|---|---|
| 003 | OSt | ||
| 005 | 20250805105243.0 | ||
| 008 | 231214b |||||||| |||| 00| 0 eng d | ||
| 040 |
_aMMSU _cULS |
||
| 100 | _aCandaroma, Kenneth I. | ||
| 245 |
_aCoping mechanisms of farmers in rice production in Quiling Sur, City of Batac, Ilocos Norte / _cKenneth I. Candaroma |
||
| 260 |
_aCity of Batac : _bMMSU, _c2023. |
||
| 300 |
_axiii, 54 leaves : _c28 cm. |
||
| 500 | _aThesis (BS in Agriculture major in Agricultural Extension) -- Mariano Marcos State University-College of Agriculture, Food and Sustainable Development, Batac City | ||
| 504 | _aBibliography: leaves 45-46 | ||
| 942 |
_2lcc _cTHEDIS |
||
| 999 |
_c20880 _d20880 |
||